000 01683nam a2200397 a 4500
001 ebr10300132
003 CaPaEBR
006 m u
007 cr cn|||||||||
008 080904s2009 enk sb 000 0 eng
010 _z 2008039121
020 _z9780199535354 (alk. paper)
020 _z0199535353 (alk. paper)
040 _aCaPaEBR
_cCaPaEBR
035 _a(OCoLC)428734009
041 1 _aeng
_hita
050 1 4 _aPQ4642.E21
_bW53 2009eb
082 0 4 _a851/.4
_222
100 1 _aTasso, Torquato,
_d1544-1595.
240 1 0 _aGerusalemme liberata.
_lEnglish
245 1 4 _aThe liberation of Jerusalem (Gerusalemme liberata)
_h[electronic resource] /
_cTorquato Tasso ; translated by Max Wickert ; with an introduction and notes by Mark Davie.
260 _aOxford ;
_aNew York :
_bOxford University Press,
_c2009.
300 _axxxvi, 454 p.
490 1 _aOxford world's classics
504 _aIncludes bibliographical references (p. [xxx]-xxxii).
533 _aElectronic reproduction.
_bPalo Alto, Calif. :
_cebrary,
_d2013.
_nAvailable via World Wide Web.
_nAccess may be limited to ebrary affiliated libraries.
600 0 0 _aGodfrey,
_cof Bouillon,
_dca. 1060-1100
_vPoetry.
650 0 _aEpic poetry, Italian
_vTranslations into English.
650 0 _aCrusades
_yFirst, 1096-1099
_vPoetry.
651 0 _aJerusalem
_xHistory
_yLatin Kingdom, 1099-1244
_vPoetry.
655 7 _aElectronic books.
_2local
700 1 _aWickert, Max.
710 2 _aebrary, Inc.
830 0 _aOxford world's classics (Oxford University Press)
856 4 0 _uhttp://site.ebrary.com/lib/rucke/Doc?id=10300132
_zAn electronic book accessible through the World Wide Web; click to view
999 _c66324
_d66324